000 03486nam a2200325Ia 4500
005 20170217084813.0
008 130821k19181928ck fr 1 spa d
040 _aCo-BoUCM
_bspa
_cSandra Yazo (modificó)
_dSandra Yazo (modificó)
041 0 _aspa
082 0 4 _a808.4
_220
092 _aE19N100
100 1 _aCaro, Miguel Antonio
_d1843-1909
_938860
245 1 0 _aObras completas
_cde Don Miguel Antonio Caro
250 _aEdicion oficial
_bhecha bajo la dirección de Victor E. Caro y Antonio Gómez Restrepo
260 _aBogotá (Colombia)
_bImprenta nacional
_c1918-1928
300 _a5 volúmenes (xii, 439 ; xxiii, [1], 399, [1] ; li, 431, [1] ; xx, 425 ; xxiii, 459 páginas)
_c24 x 16 cm.
500 _aDetalles físicos: Ej.1 sin encuadernación original actualmente con encuadernación rígida (holandesa) en cartón forrado en papel. Lomo y esquinas de las tapas en tela encolada, adornos en dorado en los V.1 – 4; el V.5 sin esquinas. Guardas. Portada impresa en una sola tinta. Texto impreso en una sola columna, notas al pie de página. Márgenes amplios. Cantos decorados. Residuos de cinta pegante. V.1: Fotografía a Blanco y negro de la escultura del autor. V.3 Ej.2 ejemplar mútilo sin tapa delantera, faltan varias hojas al inicio de la obra. V.2, V.4 y V.5 Ej.2 con la encuadernación original, tapas soletas y rotas, empiezan a desencuadernarse
505 2 _aV.1: Flos poetarum – El cinco de mayo de Manzoni: Catulo : Lucrecio ; Tibulo ; Propercio ; Pseudo Galo ; Horacio ; Virgilio ; El “Cinque Maggio” -- V.2: Estudios literarios - primera serie: Carta literaria ; Aviaria Catulliana ; Afrancesamiento en literatura ; Virgilio y el nacimiento del Salvador ; Algo acerca de Horacio ; La crítica literaria ; José Eusebio Caro ; José Manuel Groot ; Fundación de la academia colombiana ; El quijote ; Virgilio -- V.3: Estudios literarios segunda serie: Miguel Antonio Caro, crítico ; Olmedo ; Joan de Castellanos ; Madrigales ; Oración de estudios ; Don Andrés Bello ; Centenario de Bello ; Centenario de Bello ; Celio Acosta ; Diego Fallón ; José María Roa Bárcena ; XIX centenario de Virgilio ; Camila (la amazona virgiliana) -- V.4: Estudios literarios tercera serie: Biografía boliviana ; Sobre el término Escuela ; Un misionero poeta ; Curiosidades literarias ; El centenario de Ricaurte ; Importantísimo descubrimiento ; Memoria histórica del general Posada ; El general Santander -- Estudios filológicos y gramaticales primera parte: Sintaxis latina ; Sintaxis general , Sintaxis particular -- V 5: Estudios filológicos y gramaticales segunda serie: Plural de los apellidos ; Reacción ortográfica ; Ortográfica Castellana ; Tratado del participio ; Diccionarios castellanos ; De la aliteración considerada como elegancia métrica ; Contradiálogo de las letras.
506 _aConsulta en sala
650 7 _aCrítica literaria
_zColombia
_912204
650 7 _aEnsayos colombianos
_914557
650 7 _aLiteratura colombiana
_xColección de escritos
_939411
650 7 _aLiteratura colombiana
_xCrítica e interpretación, etc.
_918599
690 _aLiteratura colombiana
_918629
700 1 _aCaro , Victor E.
_962198
_eeditor
700 1 _aGómez Restrepo, Antonio
_91778
_eeditor
856 4 1 _uhttps://archive.org/details/obrascompletasde01caro
_zDisponible en línea V.1
856 4 1 _uhttps://archive.org/details/obrascompletasde02caro
_zDisponible en línea V.2
942 _cLIBRO
_a18
_e1
_2LOCAL
_hE19N100
999 _c36975
_d36975